Samaran orang monyet

Bibliographic Details
Main Author: Zamrin
Corporate Author: Title
Format: Book
Published: Kuala Lumpur : Penerbitan Fargoes , 2002
Series:Siri Hadi
Subjects:

MARC

LEADER 00000cam a2200000 7i4500
001 0000002732
005 20151222.0
008 070716
020 |a 9831513584 
090 0 0 |a JF   |b AD MAL (3581) 
100 0 |a Zamrin 
245 1 0 |a Samaran orang monyet   |c Zamrin 
260 |a Kuala Lumpur :   |b Penerbitan Fargoes ,   |c 2002 
440 0 |a Siri Hadi 
500 |a Children ages 7-9 years old (orange) 
650 0 |a Detective and mystery stories, Malay 
650 0 |a Malay fiction 
710 0 |a Title 
999 |a 0000868314   |b Book   |c Children Collection   |e Cawangan Segamat 
999 |a 0000868315   |b Book   |c Children Collection   |e Cawangan Taman Universiti 
999 |a 0000868316   |b Book   |c Children Collection   |e Cawangan Pontian 
999 |a 0000868323   |b Book   |c Children Collection   |e Cawangan Mersing 
999 |a 0000883616   |b Book   |c Children Collection   |e Cawangan Segamat 
999 |a 0000883617   |b Book   |c Children Collection   |e Cawangan Segamat 
999 |a 0000968533   |b Book   |c Children Collection   |e Perbadanan Perpustakaan Awam Johor 
999 |a 0000968536   |b Book   |c Children Collection   |e Cawangan Bandar Tenggara